Learning Resource and Development

Tour through the Eastern Counties of England, 1722 (Record no. 14340)

MARC details
000 -LEADER
fixed length control field 00654cam a22002173a 4500
001 - CONTROL NUMBER
control field 983
003 - CONTROL NUMBER IDENTIFIER
control field PGUSA
005 - DATE AND TIME OF LATEST TRANSACTION
control field 20230525152727.0
008 - FIXED-LENGTH DATA ELEMENTS--GENERAL INFORMATION
fixed length control field 970701s1997||||xxu|||||s|||||000 | eng d
040 ## - CATALOGING SOURCE
Original cataloging agency PGUSA
Language of cataloging eng
042 ## - AUTHENTICATION CODE
Authentication code dc
050 #4 - LIBRARY OF CONGRESS CALL NUMBER
Classification number DA
100 1# - MAIN ENTRY--PERSONAL NAME
Personal name Defoe, Daniel,
Dates associated with a name -1731
245 10 - TITLE STATEMENT
Title Tour through the Eastern Counties of England, 1722
Medium [electronic resource] /
Statement of responsibility, etc. Daniel Defoe
260 ## - PUBLICATION, DISTRIBUTION, ETC.
Name of publisher, distributor, etc. Project Gutenberg,
Date of publication, distribution, etc. 1997
506 ## - RESTRICTIONS ON ACCESS NOTE
Terms governing access Public domain in the USA.
516 ## - TYPE OF COMPUTER FILE OR DATA NOTE
Type of computer file or data note Text
653 ## - INDEX TERM--UNCONTROLLED
Uncontrolled term England -- Description and travel -- Early works to 1800
830 #0 - SERIES ADDED ENTRY--UNIFORM TITLE
Uniform title Project Gutenberg
Volume/sequential designation 983
856 40 - ELECTRONIC LOCATION AND ACCESS
Uniform Resource Identifier <a href="http://www.gutenberg.org/ebooks/983">http://www.gutenberg.org/ebooks/983</a>
Holdings
Withdrawn status Lost status Damaged status Not for loan Collection Home library Current library Date acquired Total Checkouts Full call number Date last seen Uniform Resource Identifier Price effective from Koha item type
        Project Gutenberg Main Library Main Library 05/25/2023   DA 05/25/2023 http://www.gutenberg.org/ebooks/983 05/25/2023 EBooks